LEGO Marvel Super Heroes: New Warriors Minifigures by Picture - Statistics

General Stats
  • This quiz has been taken 25 times
  • The average score is 9 of 9
Answer Stats
Picture Answer % Correct
Rhino
100%
Ultimate Spider-Man
100%
Vulture
100%
Iron Fist
95%
Iron Spider
95%
Power Man
95%
Kid Arachnid
90%
White Tiger
90%
Nova
86%
No matching quizzes found
Score Distribution
Percent of People with Each Score
Percentile by Number Answered
Your Score History
You have not taken this quiz